[Event "gameknot.com marekt's mini-tournament (1.b4 thematic) XX"]
[Site "?"]
[Date "2016.??.??"]
[Round "?"]
[White "breughel"]
[Black "rcm06"]
[Result "1-0"]
[WhiteElo "2340"]
[BlackElo "2140"]
[PlyCount "81"]
[EventDate "2016.??.??"]

1. b4 e5 2. Bb2 f6 3. e4 d5 4. f4 exf4 5. Qh5+ g6 6. Qxd5 Qxd5 7. exd5 Bxb4 8.
Ne2 Bd6 9. Ba3 g5 10. Bxd6 cxd6 11. Nbc3 Ne7 12. h4 h6 13. g3 fxg3 14. hxg5
fxg5 15. Nxg3 Bg4 16. Rb1 Nd7 17. Rxb7 Nc5 18. Rb1 Nf5 19. Bb5+ Ke7 20. Nxf5+
Bxf5 21. O-O Raf8 22. d3 a6 23. Bc6 Bc8 24. Rfe1+ Kd8 25. d4 Nd7 26. Ne4 Kc7
27. Bxd7 Bxd7 28. Re3 Rc8 29. Rc3+ Kd8 30. Rxc8+ Kxc8 31. Rb6 Rf8 32. Rxa6 Rf1+
33. Kxf1 Bb5+ 34. Kf2 Bxa6 35. Nxd6+ Kd7 36. Nf7 Ke7 37. Nxh6 Kd6 38. Ke3 Kxd5
39. a4 Bc8 40. Nf7 Be6 41. Nxg5 1-0

[Event "gameknot.com marekt's mini-tournament (1.b4 thematic) XX"]
[Site "?"]
[Date "2016.??.??"]
[Round "?"]
[White "srpolash"]
[Black "southview"]
[Result "1/2-1/2"]
[WhiteElo "1935"]
[BlackElo "2255"]
[PlyCount "81"]
[EventDate "2016.??.??"]

1. b4 e5 2. Bb2 f6 3. e4 d5 4. f4 exf4 5. Qh5+ g6 6. Qxd5 Qxd5 7. exd5 Bxb4 8.
Ne2 Bd6 9. Ba3 Bxa3 10. Nxa3 g5 11. g3 Ne7 12. Bg2 fxg3 13. Nb5 Na6 14. d6 Ng6
15. hxg3 c6 16. Nbc3 O-O 17. Rb1 Rb8 18. d4 Kg7 19. O-O f5 20. d5 cxd5 21. Nxd5
Nc5 22. Nd4 f4 23. gxf4 gxf4 24. a4 Bd7 25. a5 Rbe8 26. Rbe1 Rxe1 27. Rxe1 Bg4
28. Bf3 Bxf3 29. Nxf3 Rd8 30. Nc7 Kg8 31. Ne6 Nxe6 32. Rxe6 Nf8 33. Re7 Rxd6
34. Rxb7 Ra6 35. Rb5 Ne6 36. c3 h6 37. Kf2 Kg7 38. Ne5 Ng5 39. c4 Kf6 40. Ng4+
Ke7 41. Kg2 1/2-1/2

[Event "gameknot.com marekt's mini-tournament (1.b4 thematic) XX"]
[Site "?"]
[Date "2016.??.??"]
[Round "?"]
[White "gluv51"]
[Black "marekt"]
[Result "0-1"]
[WhiteElo "2075"]
[BlackElo "2155"]
[PlyCount "68"]
[EventDate "2016.??.??"]

1. b4 e5 2. Bb2 f6 3. e4 d5 4. f4 exf4 5. Qh5+ g6 6. Qxd5 Qxd5 7. exd5 Bxb4 8.
Ne2 Bd6 9. Ba3 Bxa3 10. Nxa3 g5 11. Nb5 Na6 12. Nec3 Nh6 13. Bc4 Nf5 14. Ne4
Kf7 15. O-O Kg6 16. g3 c6 17. dxc6 bxc6 18. Nbd6 Nc5 19. Nxc8 Nxe4 20. Bd3 Re8
21. h4 Raxc8 22. gxf4 gxh4 23. Kg2 Nc5 24. Bc4 Rcd8 25. Rad1 Re4 26. Bb3 Re2+
27. Kf3 Nd4+ 28. Kg4 Ncxb3 29. axb3 Rg8 30. Kxh4 Kh6 31. Kh3 Reg2 32. f5 Kh5
33. Rf3 Nxf3 34. d4 Rh2# 0-1

[Event "gameknot.com marekt's mini-tournament (1.b4 thematic) XX"]
[Site "?"]
[Date "2016.??.??"]
[Round "?"]
[White "headologer"]
[Black "breughel"]
[Result "0-1"]
[WhiteElo "1950"]
[BlackElo "2340"]
[PlyCount "36"]
[EventDate "2016.??.??"]

1. b4 e5 2. Bb2 f6 3. e4 d5 4. f4 exf4 5. Qh5+ g6 6. Qxd5 Qxd5 7. exd5 Bxb4 8.
Ne2 Bd6 9. Nbc3 Ne7 10. Ne4 Nxd5 11. Nxf6+ Nxf6 12. Bxf6 Rf8 13. Bg7 Rf7 14.
Bc3 Nc6 15. O-O-O Bg4 16. Re1 Re7 17. d3 Kd7 18. Kd2 Rae8 0-1

[Event "gameknot.com marekt's mini-tournament (1.b4 thematic) XX"]
[Site "?"]
[Date "2017.??.??"]
[Round "?"]
[White "gluv51"]
[Black "5imon"]
[Result "1-0"]
[WhiteElo "2085"]
[BlackElo "1860"]
[PlyCount "61"]
[EventDate "2017.??.??"]

1. b4 e5 2. Bb2 f6 3. e4 d5 4. f4 exf4 5. Qh5+ g6 6. Qxd5 Qxd5 7. exd5 Bxb4 8.
Ne2 Bd6 9. Ba3 Bxa3 10. Nxa3 g5 11. Nb5 Na6 12. Nec3 Nh6 13. Bc4 Nf5 14. Ne4
Kf7 15. Kf2 Kg6 16. g3 c6 17. dxc6 bxc6 18. Nbd6 Nc5 19. gxf4 Nxe4+ 20. Nxe4
Re8 21. Bd3 Kg7 22. fxg5 fxg5 23. Nxg5 h6 24. Ne4 Be6 25. Rhg1+ Kf7 26. Nc5 Kf6
27. Rae1 Re7 28. Nxe6 Rxe6 29. Rxe6+ Kxe6 30. Rg6+ Ke5 31. Bxf5 1-0

[Event "gameknot.com marekt's mini-tournament (1.b4 thematic) XX"]
[Site "?"]
[Date "2016.??.??"]
[Round "?"]
[White "gluv51"]
[Black "headologer"]
[Result "1-0"]
[WhiteElo "2095"]
[BlackElo "1940"]
[PlyCount "55"]
[EventDate "2016.??.??"]

1. b4 e5 2. Bb2 f6 3. e4 d5 4. f4 exf4 5. Qh5+ g6 6. Qxd5 Qxd5 7. exd5 Bxb4 8.
Ne2 Bd6 9. Ba3 g5 10. Bxd6 cxd6 11. Nbc3 Bd7 12. Rb1 b6 13. Nd4 Ne7 14. Bd3 O-O
15. Kf2 Rd8 16. Rbe1 Ng6 17. Bxg6 hxg6 18. h4 g4 19. h5 Kf7 20. hxg6+ Kxg6 21.
Nce2 Kg5 22. g3 fxg3+ 23. Kxg3 Na6 24. Rh7 Nc5 25. Nf4 f5 26. Rg7+ Kh6 27. Rg6+
Kh7 28. Rh1# 1-0

[Event "gameknot.com marekt's mini-tournament (1.b4 thematic) XX"]
[Site "?"]
[Date "2016.??.??"]
[Round "?"]
[White "5imon"]
[Black "tbre0022"]
[Result "0-1"]
[WhiteElo "1920"]
[BlackElo "2425"]
[PlyCount "44"]
[EventDate "2016.??.??"]

1. b4 e5 2. Bb2 f6 3. e4 d5 4. f4 exf4 5. Qh5+ g6 6. Qxd5 Qxd5 7. exd5 Bxb4 8.
Ne2 Bd6 9. Ba3 Bxa3 10. Nxa3 g5 11. g3 f3 12. Nd4 Ne7 13. c4 g4 14. Ne6 Bxe6
15. dxe6 Nbc6 16. Nb5 O-O-O 17. O-O-O a6 18. Nc3 f5 19. Re1 h5 20. Nd5 h4 21.
Bd3 Nxd5 22. cxd5 Rxd5 0-1

[Event "gameknot.com marekt's mini-tournament (1.b4 thematic) XX"]
[Site "?"]
[Date "2016.??.??"]
[Round "?"]
[White "5imon"]
[Black "rcm06"]
[Result "0-1"]
[WhiteElo "1885"]
[BlackElo "2140"]
[PlyCount "36"]
[EventDate "2016.??.??"]

1. b4 e5 2. Bb2 f6 3. e4 d5 4. f4 exf4 5. Qh5+ g6 6. Qxd5 Qxd5 7. exd5 Bxb4 8.
Ne2 Bd6 9. Ba3 g5 10. Bxd6 cxd6 11. Nbc3 Ne7 12. g3 fxg3 13. hxg3 O-O 14. Rb1
Nd7 15. Nd4 Nc5 16. Ndb5 Nf5 17. d4 Nxg3 18. Rh3 Bxh3 0-1

[Event "gameknot.com marekt's mini-tournament (1.b4 thematic) XX"]
[Site "?"]
[Date "2016.??.??"]
[Round "?"]
[White "tbre0022"]
[Black "southview"]
[Result "1/2-1/2"]
[WhiteElo "2430"]
[BlackElo "2250"]
[PlyCount "79"]
[EventDate "2016.??.??"]

1. b4 e5 2. Bb2 f6 3. e4 d5 4. f4 exf4 5. Qh5+ g6 6. Qxd5 Qxd5 7. exd5 Bxb4 8.
Ne2 Bd6 9. Ba3 Bxa3 10. Nxa3 g5 11. g3 Ne7 12. gxf4 Nxd5 13. Bg2 Nxf4 14. Nxf4
gxf4 15. O-O Rg8 16. Kh1 Nc6 17. Rae1+ Kd8 18. Rxf4 f5 19. Nc4 Rg4 20. Rxg4
fxg4 21. Be4 a5 22. Bxh7 b5 23. Ne5 Nxe5 24. Rxe5 c6 25. Kg2 Kc7 26. Re8 Rb8
27. Kg3 Bd7 28. Rxb8 Kxb8 29. Kf4 Be6 30. a3 Kc7 31. c3 c5 32. Ke5 Bb3 33. Bd3
Kc6 34. Bf5 a4 35. Bxg4 b4 36. Bf3+ Kd7 37. cxb4 cxb4 38. Kd4 bxa3 39. Kc3 a2
40. Kb2 1/2-1/2

[Event "gameknot.com marekt's mini-tournament (1.b4 thematic) XX"]
[Site "?"]
[Date "2016.??.??"]
[Round "?"]
[White "5imon"]
[Black "headologer"]
[Result "1/2-1/2"]
[WhiteElo "1890"]
[BlackElo "1935"]
[PlyCount "103"]
[EventDate "2016.??.??"]

1. b4 e5 2. Bb2 f6 3. e4 d5 4. f4 exf4 5. Qh5+ g6 6. Qxd5 Qxd5 7. exd5 Bxb4 8.
Ne2 Bd6 9. Ba3 g5 10. Bxd6 cxd6 11. Nbc3 Na6 12. Nd4 Bd7 13. Rb1 Nc5 14. Bb5
O-O-O 15. Kf2 Bxb5 16. Ncxb5 a6 17. Nc3 Ne7 18. g3 fxg3+ 19. Kxg3 Ng6 20. Rhe1
Rhe8 21. Nf5 Re5 22. Ne3 Rde8 23. Kf2 Nf4 24. Nc4 Rxe1 25. Rxe1 Rxe1 26. Kxe1
Kd7 27. d4 b5 28. dxc5 bxc4 29. c6+ Kc7 30. Kf2 f5 31. Kf3 Ng6 32. a4 h5 33. a5
Ne7 34. Ke3 h4 35. Kd4 g4 36. Kxc4 g3 37. hxg3 hxg3 38. Ne2 g2 39. Kd4 f4 40.
Ng1 Nxc6+ 41. dxc6 Kxc6 42. c4 Kd7 43. Kd5 Kc7 44. c5 dxc5 45. Kxc5 Kb7 46. Kd6
Ka7 47. Kc7 Ka8 48. Kb6 Kb8 49. Kxa6 Ka8 50. Kb6 Kb8 51. a6 Ka8 52. Nf3 1/2-1/2

[Event "gameknot.com marekt's mini-tournament (1.b4 thematic) XX"]
[Site "?"]
[Date "2017.??.??"]
[Round "?"]
[White "breughel"]
[Black "marekt"]
[Result "1/2-1/2"]
[WhiteElo "2340"]
[BlackElo "2165"]
[PlyCount "119"]
[EventDate "2017.??.??"]

1. b4 e5 2. Bb2 f6 3. e4 d5 4. f4 exf4 5. Qh5+ g6 6. Qxd5 Qxd5 7. exd5 Bxb4 8.
Ne2 Bd6 9. Ba3 Bxa3 10. Nxa3 g5 11. Nb5 Na6 12. g3 Ne7 13. Bg2 Bg4 14. Ned4
O-O-O 15. O-O f3 16. Bxf3 Bxf3 17. d6 Nc6 18. Nxf3 Rhf8 19. Rf2 g4 20. Nh4 cxd6
21. Nf5 d5 22. Rb1 Rd7 23. d3 Nc5 24. Nbd4 Nxd4 25. Nxd4 Re7 26. Kg2 h5 27. Nf5
Rd7 28. Re1 Kd8 29. Rh1 Re8 30. h3 gxh3+ 31. Rxh3 Rh7 32. Rh4 Nd7 33. Ra4 a6
34. Rd4 Re5 35. Rh4 Nf8 36. a4 Kc7 37. a5 Ne6 38. Kf1 d4 39. g4 Rxa5 40. Ke2
Rd5 41. gxh5 Kd7 42. h6 Ke8 43. Rh1 a5 44. Kd2 Kf7 45. Kc1 b6 46. Re1 Rh8 47.
Kb2 b5 48. Ra1 b4 49. Kb3 Re5 50. Raf1 Kg8 51. Nd6 Rxh6 52. Rxf6 Rxf6 53. Rxf6
Kg7 54. Rf7+ Kg6 55. Ra7 Kf6 56. Nc4 Nc5+ 57. Kb2 Re2 58. Rxa5 Nxd3+ 59. Kb3
Nc1+ 60. Kb2 1/2-1/2

[Event "gameknot.com marekt's mini-tournament (1.b4 thematic) XX"]
[Site "?"]
[Date "2016.??.??"]
[Round "?"]
[White "tbre0022"]
[Black "marekt"]
[Result "1-0"]
[WhiteElo "2195"]
[BlackElo "2160"]
[PlyCount "105"]
[EventDate "2016.??.??"]

1. b4 e5 2. Bb2 f6 3. e4 d5 4. f4 exf4 5. Qh5+ g6 6. Qxd5 Qxd5 7. exd5 Bxb4 8.
Ne2 Bd6 9. Ba3 Bxa3 10. Nxa3 g5 11. g3 Ne7 12. gxf4 Nxd5 13. Bg2 Nxf4 14. Nxf4
gxf4 15. O-O Rg8 16. Kh1 Nc6 17. Rae1+ Kf8 18. Rxf4 f5 19. Nb5 Rg7 20. h4 a6
21. Bxc6 bxc6 22. Nd4 Rf7 23. Re5 Rb8 24. Kg2 Rb2 25. a4 Bd7 26. Kf2 Kg7 27.
Ra5 Rf6 28. Ke3 Kg6 29. d3 Rb6 30. Kd2 Rb4 31. Kc3 Rb6 32. Nf3 Kg7 33. Ne5 Bc8
34. Rc5 Kf8 35. Kd2 Ke7 36. h5 Rh6 37. Rf2 Kf8 38. Re2 Rf6 39. Nf3 Bd7 40. Ng5
Rh6 41. Rce5 Rxh5 42. Ne4 c5 43. Nxc5 Bc6 44. Ne6+ Kg8 45. a5 Rb5 46. Nxc7 Rxe5
47. Rxe5 Bb7 48. c4 Kf7 49. d4 Rh6 50. c5 Bc8 51. Nd5 Be6 52. Nf4 Bc8 53. d5
1-0

[Event "gameknot.com marekt's mini-tournament (1.b4 thematic) XX"]
[Site "?"]
[Date "2016.??.??"]
[Round "?"]
[White "breughel"]
[Black "headologer"]
[Result "1-0"]
[WhiteElo "2330"]
[BlackElo "1945"]
[PlyCount "35"]
[EventDate "2016.??.??"]

1. b4 e5 2. Bb2 f6 3. e4 d5 4. f4 exf4 5. Qh5+ g6 6. Qxd5 Qxd5 7. exd5 Bxb4 8.
Ne2 Bd6 9. Ba3 g5 10. Bxd6 cxd6 11. Nbc3 Bd7 12. Rb1 b6 13. Nd4 Ne7 14. Bd3 Kf7
15. Ne4 Nxd5 16. Bc4 Be6 17. Nxe6 Kxe6 18. Rb5 1-0

[Event "gameknot.com marekt's mini-tournament (1.b4 thematic) XX"]
[Site "?"]
[Date "2016.??.??"]
[Round "?"]
[White "tbre0022"]
[Black "srpolash"]
[Result "1-0"]
[WhiteElo "2195"]
[BlackElo "1900"]
[PlyCount "88"]
[EventDate "2016.??.??"]

1. b4 e5 2. Bb2 f6 3. e4 d5 4. f4 exf4 5. Qh5+ g6 6. Qxd5 Qxd5 7. exd5 Bxb4 8.
Ne2 Bd6 9. Ba3 g5 10. Bxd6 cxd6 11. Nbc3 Ne7 12. g3 fxg3 13. hxg3 O-O 14. Nb5
Na6 15. Kf2 Nf5 16. Nec3 Nb4 17. Rb1 Nxc2 18. Bd3 Ncd4 19. Nxd4 Nxd4 20. Rb4
Nf5 21. Rc4 Rd8 22. Rc7 h6 23. Rxc8 Raxc8 24. Bxf5 Rc5 25. Rxh6 Rf8 26. Ke3 Ra5
27. Ne4 b6 28. g4 Kg7 29. Rh7+ Kg8 30. Rb7 Kh8 31. Nxd6 Rxd5 32. Nf7+ Rxf7 33.
Rxf7 Re5+ 34. Kf3 Rd5 35. d3 Ra5 36. Be6 Re5 37. Bb3 Re1 38. d4 a5 39. d5 a4
40. Bxa4 Rf1+ 41. Ke2 Rf4 42. Bb3 Rxg4 43. d6 Rd4 44. d7 g4 1-0

[Event "gameknot.com marekt's mini-tournament (1.b4 thematic) XX"]
[Site "?"]
[Date "2016.??.??"]
[Round "?"]
[White "gluv51"]
[Black "reza34861"]
[Result "1/2-1/2"]
[WhiteElo "2090"]
[BlackElo "1945"]
[PlyCount "66"]
[EventDate "2016.??.??"]

1. b4 e5 2. Bb2 f6 3. e4 d5 4. f4 exf4 5. Qh5+ g6 6. Qxd5 Qxd5 7. exd5 Bxb4 8.
Ne2 Bd6 9. Ba3 Bxa3 10. Nxa3 f3 11. gxf3 Ne7 12. Nb5 Nxd5 13. Nec3 Nb4 14.
Nxc7+ Kd8 15. Nxa8 Nxc2+ 16. Kf2 Nxa1 17. Bd3 b6 18. Nd5 Ba6 19. Bxa6 Nxa6 20.
Rxa1 Kd7 21. Ndxb6+ axb6 22. Nxb6+ Kc6 23. Na4 Nb4 24. Rb1 Nd5 25. Nc3 Nf4 26.
d4 Ra8 27. Ke3 Nd5+ 28. Nxd5 Kxd5 29. Rb5+ Kd6 30. Rb7 Rxa2 31. Rxh7 Kd5 32.
Rh6 Ra3+ 33. Kf2 Ra2+ 1/2-1/2

[Event "gameknot.com marekt's mini-tournament (1.b4 thematic) XX"]
[Site "?"]
[Date "2016.??.??"]
[Round "?"]
[White "reza34861"]
[Black "marekt"]
[Result "1/2-1/2"]
[WhiteElo "1930"]
[BlackElo "2155"]
[PlyCount "71"]
[EventDate "2016.??.??"]

1. b4 e5 2. Bb2 f6 3. e4 d5 4. f4 exf4 5. Qh5+ g6 6. Qxd5 Qxd5 7. exd5 Bxb4 8.
Ne2 Bd6 9. Nbc3 Ne7 10. Nb5 Nxd5 11. Nxd6+ cxd6 12. c4 Nb4 13. Kd1 N8c6 14.
Nxf4 Bg4+ 15. Kc1 O-O 16. Bc3 Rae8 17. d3 Kg7 18. h3 Bc8 19. Kd2 Na6 20. Be2
Nc5 21. Rac1 b6 22. Rce1 Bd7 23. Rhf1 Ne5 24. Bd4 Bc6 25. h4 Rf7 26. g3 Rfe7
27. g4 Kf7 28. h5 Kg7 29. Bb2 Na4 30. Ba3 Nf7 31. hxg6 hxg6 32. Bd1 Nc5 33.
Rxe7 Rxe7 34. Re1 Rxe1 35. Kxe1 Bd7 36. Be2 1/2-1/2

[Event "gameknot.com marekt's mini-tournament (1.b4 thematic) XX"]
[Site "?"]
[Date "2016.??.??"]
[Round "?"]
[White "marekt"]
[Black "rcm06"]
[Result "0-1"]
[WhiteElo "2150"]
[BlackElo "2135"]
[PlyCount "106"]
[EventDate "2016.??.??"]

1. b4 e5 2. Bb2 f6 3. e4 d5 4. f4 exf4 5. Qh5+ g6 6. Qxd5 Qxd5 7. exd5 Bxb4 8.
Ne2 Bd6 9. c4 Na6 10. d4 Nb4 11. Kd2 Bf5 12. Na3 a6 13. c5 Bf8 14. Nxf4 Bh6 15.
Kc3 Bxf4 16. Kxb4 Ne7 17. d6 cxd6 18. Nc4 d5 19. g3 Nc6+ 20. Ka3 Bc7 21. Nb6
Bxb6 22. cxb6 O-O 23. Re1 Rae8 24. Re2 Be4 25. Rg1 Bf3 26. Rxe8 Rxe8 27. Bc3
Re3 28. Kb2 Be4 29. Bd2 Rf3 30. Bxa6 Rf2 31. Kc3 bxa6 32. b7 Rxh2 33. Rc1 Rh1
34. Rxh1 Bxh1 35. Bf4 g5 36. b8=Q+ Nxb8 37. Bxb8 Kf7 38. a3 Bg2 39. Kd3 Kg6 40.
Ke3 Kf5 41. Kf2 Be4 42. Bc7 Kg4 43. Bd6 h5 44. Ke3 Bf5 45. a4 Bh7 46. Kf2 Bg6
47. Be7 f5 48. Kg2 h4 49. gxh4 gxh4 50. Kf2 h3 51. Bb4 a5 52. Bxa5 Be8 53. Kg1
f4 0-1

[Event "gameknot.com marekt's mini-tournament (1.b4 thematic) XX"]
[Site "?"]
[Date "2017.??.??"]
[Round "?"]
[White "marekt"]
[Black "5imon"]
[Result "1-0"]
[WhiteElo "2150"]
[BlackElo "1885"]
[PlyCount "57"]
[EventDate "2017.??.??"]

1. b4 e5 2. Bb2 f6 3. e4 d5 4. f4 exf4 5. Qh5+ g6 6. Qxd5 Qxd5 7. exd5 Bxb4 8.
Ne2 Bd6 9. Ba3 g5 10. Bxd6 cxd6 11. Nbc3 Ne7 12. g3 fxg3 13. Nxg3 O-O 14. Bg2
Nd7 15. O-O b6 16. d4 Bb7 17. Rae1 Rfe8 18. Nce4 Nxd5 19. Nxd6 Rxe1 20. Rxe1
Rb8 21. Nxb7 Nf4 22. Nd6 Nxg2 23. Kxg2 Kf8 24. Ngf5 a5 25. Re7 Rd8 26. Rf7+ Kg8
27. Nh6+ Kh8 28. Ndf5 b5 29. Rg7 1-0

[Event "gameknot.com marekt's mini-tournament (1.b4 thematic) XX"]
[Site "?"]
[Date "2017.??.??"]
[Round "?"]
[White "marekt"]
[Black "southview"]
[Result "0-1"]
[WhiteElo "2150"]
[BlackElo "2260"]
[PlyCount "70"]
[EventDate "2017.??.??"]

1. b4 e5 2. Bb2 f6 3. e4 d5 4. f4 exf4 5. Qh5+ g6 6. Qxd5 Qxd5 7. exd5 Bxb4 8.
Ne2 Bd6 9. Ba3 Bxa3 10. Nxa3 g5 11. Nc3 a6 12. g3 b5 13. Rb1 f3 14. Kf2 Ne7 15.
Bd3 Nd7 16. Rhe1 Kd8 17. h3 h5 18. h4 gxh4 19. gxh4 Rb8 20. Ne4 Nxd5 21. Bf1
Nf4 22. Kxf3 Ng6 23. Kg3 Rg8 24. Be2 Rb6 25. Bxh5 Nge5+ 26. Kf2 Rh8 27. Ng3 Rd6
28. Be2 Rd4 29. h5 Rf4+ 30. Ke3 Ra4 31. Rb3 Rg8 32. Rg1 Re8 33. Kf2 Nc5 34. Rc3
Rf4+ 35. Ke1 Nf3+ 0-1

[Event "gameknot.com marekt's mini-tournament (1.b4 thematic) XX"]
[Site "?"]
[Date "2016.??.??"]
[Round "?"]
[White "the_great_omni"]
[Black "marekt"]
[Result "1/2-1/2"]
[WhiteElo "2430"]
[BlackElo "2160"]
[PlyCount "62"]
[EventDate "2016.??.??"]

1. b4 e5 2. Bb2 f6 3. e4 d5 4. f4 exf4 5. Qh5+ g6 6. Qxd5 Qxd5 7. exd5 Bxb4 8.
Ne2 Bd6 9. Ba3 Bxa3 10. Nxa3 g5 11. g3 Ne7 12. Bg2 c6 13. gxf4 Nxd5 14. fxg5
fxg5 15. Bxd5 cxd5 16. Nb5 Na6 17. O-O Rf8 18. Rfe1 Kf7 19. Rab1 Bd7 20. Nec3
Bc6 21. Re5 Kf6 22. d4 Rad8 23. Nxa7 Nc7 24. Rb6 Rd6 25. a4 Kg6 26. Re3 Rdf6
27. Nxc6 bxc6 28. Re1 Ra8 29. Re7 Raf8 30. Rxc7 Rf1+ 31. Kg2 R1f2+ 1/2-1/2

[Event "gameknot.com marekt's mini-tournament (1.b4 thematic) XX"]
[Site "?"]
[Date "2016.??.??"]
[Round "?"]
[White "the_great_omni"]
[Black "rcm06"]
[Result "1-0"]
[WhiteElo "2410"]
[BlackElo "2140"]
[PlyCount "83"]
[EventDate "2016.??.??"]

1. b4 e5 2. Bb2 f6 3. e4 d5 4. f4 exf4 5. Qh5+ g6 6. Qxd5 Qxd5 7. exd5 Bxb4 8.
Ne2 Bd6 9. Ba3 Bxa3 10. Nxa3 g5 11. g3 fxg3 12. Nb5 Na6 13. Nxg3 f5 14. Bc4 Kd8
15. O-O f4 16. Ne4 h6 17. d6 Bf5 18. Rfe1 Kd7 19. Rab1 Bxe4 20. Rxe4 Nc5 21.
Ree1 c6 22. Nc7 Nf6 23. Nxa8 b5 24. Re7+ Kxd6 25. Rxa7 bxc4 26. Nb6 c3 27. Rd1
Nce4 28. dxc3+ Ke5 29. Rc7 Nxc3 30. Rd3 Nxa2 31. Rxc6 Kf5 32. Ra3 Nb4 33. Ra5+
Kg6 34. Rd6 Nxc2 35. Nd7 Kh5 36. Nxf6+ Kh4 37. Nd5 Kg4 38. Kf2 Kh4 39. Ra4 h5
40. Rc6 Rd8 41. Nxf4 gxf4 42. Rxc2 1-0

[Event "gameknot.com marekt's mini-tournament (1.b4 thematic) XX"]
[Site "?"]
[Date "2017.??.??"]
[Round "?"]
[White "gluv51"]
[Black "rcm06"]
[Result "0-1"]
[WhiteElo "2070"]
[BlackElo "2150"]
[PlyCount "94"]
[EventDate "2017.??.??"]

1. b4 e5 2. Bb2 f6 3. e4 d5 4. f4 exf4 5. Qh5+ g6 6. Qxd5 Qxd5 7. exd5 Bxb4 8.
Ne2 Bd6 9. Ba3 Bxa3 10. Nxa3 g5 11. Nb5 Na6 12. Nec3 Ne7 13. Rb1 Ng6 14. Bc4
Ne5 15. Be2 Kf8 16. Nd4 Kg7 17. Ne6+ Bxe6 18. dxe6 Rab8 19. d4 Nc6 20. d5 Ne7
21. O-O Nc5 22. Kf2 Rhd8 23. Rfd1 c6 24. Bf3 cxd5 25. Nxd5 Nxd5 26. Bxd5 b6 27.
g3 fxg3+ 28. hxg3 Re8 29. Kf3 Nxe6 30. Bxe6 Rxe6 31. c4 Rbe8 32. Rd7+ Kg6 33.
Rb2 Re3+ 34. Kf2 g4 35. Rxa7 Rf3+ 36. Kg2 Ree3 37. Rb7 Rxg3+ 38. Kf1 Ref3+ 39.
Rf2 Rxf2+ 40. Kxf2 Rc3 41. Rxb6 Rxc4 42. Rb8 h5 43. Rh8 Kg5 44. Ra8 Rc1 45. Ke3
Kh4 46. a4 g3 47. a5 g2 0-1

[Event "gameknot.com marekt's mini-tournament (1.b4 thematic) XX"]
[Site "?"]
[Date "2017.??.??"]
[Round "?"]
[White "srpolash"]
[Black "5imon"]
[Result "1-0"]
[WhiteElo "1975"]
[BlackElo "1875"]
[PlyCount "45"]
[EventDate "2017.??.??"]

1. b4 e5 2. Bb2 f6 3. e4 d5 4. f4 exf4 5. Qh5+ g6 6. Qxd5 Qxd5 7. exd5 Bxb4 8.
Ne2 Bd6 9. Ba3 g5 10. Bxd6 cxd6 11. Nbc3 Ne7 12. g3 fxg3 13. hxg3 Nd7 14. Nb5
O-O 15. Nxd6 Nxd5 16. Bh3 N7b6 17. Nxc8 Nxc8 18. Be6+ Kg7 19. Bxd5 Nb6 20. Bxb7
Rab8 21. Be4 Nc4 22. Rxh7+ Kg8 23. Rc7 1-0

[Event "gameknot.com marekt's mini-tournament (1.b4 thematic) XX"]
[Site "?"]
[Date "2016.??.??"]
[Round "?"]
[White "the_great_omni"]
[Black "reza34861"]
[Result "1-0"]
[WhiteElo "2450"]
[BlackElo "1935"]
[PlyCount "107"]
[EventDate "2016.??.??"]

1. b4 e5 2. Bb2 f6 3. e4 d5 4. f4 exf4 5. Qh5+ g6 6. Qxd5 Qxd5 7. exd5 Bxb4 8.
Ne2 Bd6 9. Ba3 f3 10. gxf3 Ne7 11. Bxd6 cxd6 12. Nbc3 Nd7 13. Kf2 a6 14. Nf4 f5
15. a4 Nf6 16. h4 Bd7 17. Bd3 Kf7 18. Rhb1 Ra7 19. a5 Rb8 20. Nce2 h6 21. Nd4
g5 22. hxg5 hxg5 23. Nfe6 g4 24. Nxf5 Nxf5 25. Bxf5 Nxd5 26. Ng5+ Kf6 27. Bxd7
Kxg5 28. Bxg4 b5 29. axb6 Rxb6 30. Rxb6 Nxb6 31. Ra5+ Kf6 32. d3 Ke7 33. f4 Nd7
34. Ke3 Rc7 35. c4 Rc6 36. Bxd7 Kxd7 37. Ke4 Ke6 38. Rh5 Rc8 39. f5+ Kf6 40.
Rh6+ Ke7 41. Rh7+ Kf6 42. Rd7 Re8+ 43. Kf4 Ra8 44. Rxd6+ Ke7 45. c5 a5 46. Ke5
a4 47. c6 a3 48. f6+ Kf7 49. Rd7+ Kg6 50. Rg7+ Kh5 51. f7 a2 52. Rg1 Rc8 53.
Kd5 Kh6 54. c7 1-0

[Event "gameknot.com marekt's mini-tournament (1.b4 thematic) XX"]
[Site "?"]
[Date "2017.??.??"]
[Round "?"]
[White "breughel"]
[Black "tbre0022"]
[Result "0-1"]
[WhiteElo "2350"]
[BlackElo "2425"]
[PlyCount "52"]
[EventDate "2017.??.??"]

1. b4 e5 2. Bb2 f6 3. e4 d5 4. f4 exf4 5. Qh5+ g6 6. Qxd5 Qxd5 7. exd5 Bxb4 8.
Ne2 Bf5 9. Nxf4 Nd7 10. Nc3 Ne7 11. Nb5 O-O-O 12. O-O-O Ne5 13. c3 a6 14. Nd4
Bd6 15. Nxf5 Nxf5 16. Ne6 Rde8 17. Be2 c6 18. c4 cxd5 19. cxd5 Kb8 20. Kb1 Rc8
21. Rhf1 Ne7 22. Rxf6 Nxd5 23. Rff1 Rhe8 24. Nd4 Nb6 25. d3 Nd5 26. g3 Ne3 0-1

[Event "gameknot.com marekt's mini-tournament (1.b4 thematic) XX"]
[Site "?"]
[Date "2017.??.??"]
[Round "?"]
[White "reza34861"]
[Black "5imon"]
[Result "1-0"]
[WhiteElo "1950"]
[BlackElo "1835"]
[PlyCount "73"]
[EventDate "2017.??.??"]

1. b4 e5 2. Bb2 f6 3. e4 d5 4. f4 exf4 5. Qh5+ g6 6. Qxd5 Qxd5 7. exd5 Bxb4 8.
Nf3 Nd7 9. Bb5 a6 10. Bxd7+ Bxd7 11. O-O O-O-O 12. a3 Bd6 13. d3 Re8 14. Nbd2
Bf5 15. Rfe1 Rf8 16. Nc4 Kd7 17. Nxd6 Kxd6 18. a4 Ne7 19. Rad1 Nxd5 20. c4 Ne3
21. Rd2 c5 22. a5 Kc6 23. Bc3 h5 24. Nh4 Rh7 25. Nxf5 Nxf5 26. Re6+ Kd7 27. Rb6
Kc8 28. Bxf6 Rd7 29. Bg5 Ne3 30. Rxg6 Nxc4 31. Rc2 Rd6 32. Rxd6 Nxd6 33. Be7
Rf5 34. Bxd6 Kd7 35. Bxc5 Rd5 36. d4 Kc6 37. Bb6+ 1-0

[Event "gameknot.com marekt's mini-tournament (1.b4 thematic) XX"]
[Site "?"]
[Date "2016.??.??"]
[Round "?"]
[White "headologer"]
[Black "srpolash"]
[Result "0-1"]
[WhiteElo "1925"]
[BlackElo "1900"]
[PlyCount "56"]
[EventDate "2016.??.??"]

1. b4 e5 2. Bb2 f6 3. e4 d5 4. f4 exf4 5. Qh5+ g6 6. Qxd5 Qxd5 7. exd5 Bxb4 8.
Nf3 Nd7 9. Bb5 a6 10. Ba4 b5 11. Bb3 Bb7 12. O-O Ne7 13. Re1 O-O-O 14. a3 Bc5+
15. d4 Bd6 16. Nc3 Nb6 17. Re6 Nexd5 18. Nxd5 Nxd5 19. Rae1 Kd7 20. R6e2 Rhe8
21. Rxe8 Rxe8 22. Rxe8 Kxe8 23. c4 bxc4 24. Bxc4 Ne3 25. Be2 c5 26. dxc5 Bxc5
27. a4 Nc4+ 28. Bd4 Bxf3 0-1

[Event "gameknot.com marekt's mini-tournament (1.b4 thematic) XX"]
[Site "?"]
[Date "2016.??.??"]
[Round "?"]
[White "headologer"]
[Black "marekt"]
[Result "0-1"]
[WhiteElo "1925"]
[BlackElo "2160"]
[PlyCount "64"]
[EventDate "2016.??.??"]

1. b4 e5 2. Bb2 f6 3. e4 d5 4. f4 exf4 5. Qh5+ g6 6. Qxd5 Qxd5 7. exd5 Bxb4 8.
Nf3 Nd7 9. Nc3 Nb6 10. Bb5+ Bd7 11. O-O-O Ne7 12. Bxd7+ Kxd7 13. Ne4 Nexd5 14.
Nxf6+ Nxf6 15. Bxf6 Rhe8 16. Rhe1 Ba3+ 17. Bb2 Bxb2+ 18. Kxb2 Nc4+ 19. Kc3 b5
20. a4 a6 21. Kb4 Nb2 22. Rxe8 Rxe8 23. Ra1 Nxa4 24. Ka5 Kc6 25. Re1 Rxe1 26.
Nxe1 Kb7 27. Nd3 g5 28. h4 f3 29. gxf3 gxh4 30. Nf2 c5 31. f4 Nb6 32. f5 Nc4#
0-1

[Event "gameknot.com marekt's mini-tournament (1.b4 thematic) XX"]
[Site "?"]
[Date "2017.??.??"]
[Round "?"]
[White "rcm06"]
[Black "breughel"]
[Result "1-0"]
[WhiteElo "2125"]
[BlackElo "2355"]
[PlyCount "43"]
[EventDate "2017.??.??"]

1. b4 e5 2. Bb2 f6 3. e4 d5 4. f4 exf4 5. Qh5+ g6 6. Qxd5 Qxd5 7. exd5 Bxb4 8.
Bc4 Nd7 9. Nf3 Ne7 10. O-O Rf8 11. Re1 a5 12. a3 Bc5+ 13. d4 Ba7 14. Ba2 g5 15.
c4 g4 16. Nh4 Ne5 17. c5 Nd3 18. Re2 Nxb2 19. Rxb2 Nf5 20. Nxf5 Bxf5 21. Rxb7
Kd8 22. Nc3 1-0